Nuevo país 6 : Andalucía : ciencias sociales

Gespeichert in:
Bibliographische Detailangaben
Weitere Verfasser: Fernández, Antonio, 1936-
Format: Buch
Sprache:Spanisch
Erschienen: Barcelona : Vicens-Básica, 1987
Ausgabe:2a ed.
Katalog:MANES:  Suchergebnis im Bibliothekskatalog
Schulbuchspezifische Eigenschaften:
Tags: Tag hinzufügen
Keine Tags, Fügen Sie den ersten Tag hinzu!
Hinzugefügt zu:09.05.2004
Geändert in:07.05.2025

MARC

LEADER 00000nam a2200000 a 4500
001 .b3129937
003 ES-BaCBU
005 20250507130138.0
008 040510s1987 spca b|l 000 ||spa|c
017 |a DL B. 2192-1987 
020 |a 8431623756 
035 |a C251630260  |9 ES-BaUB001  |a 0824-29260  |9 ES-BaUB035 
040 |a ES-BaUB  |b cat  |c ES-BaUB 
245 0 0 |a Nuevo país 6 :  |b Andalucía : ciencias sociales /  |c A. Fernández.. [et al.] 
250 |a 2a ed. 
260 |a Barcelona :  |b Vicens-Básica,  |c 1987 
300 |a 336 p.:  |b il. col.;  |c 27 cm 
546 |a España 
561 |5 es-CRAI  |3 p1 TX EGB 5/6 VIC  |a España. Biblioteca Universitat de Barcelona  |k MANES 
690 0 |a CS 
691 0 |a PRI 
700 1 |a Fernández, Antonio,  |d 1936-  |9 33203 
856 |y Registro en Cercabib - CRAI 
942 |2 ddc  |c BK 
999 |c 89869  |d 89869 
999 |c manes:89869  |d 89869